Latin Vocab: Latin - English 1: Nouns, Adjectives & Demonstratives - Statistics

General Stats
  • This quiz has been taken 28 times
    18 since last reset
  • The average score is 93 of 202
Answer Stats
Hint Answer % Correct
Liber-Libra-Librum Free
100%
Amicus-I, M. Friend
100%
Rex-Regis, M. King/Male Ruler
100%
Amor-is, M. Love
100%
Roma-Romae, F. Rome
100%
Animal-Animalis, N. Animal
89%
Romanus-i, M. A Roman
89%
Frater-Fratris, M. Brother
89%
Auris-Auris, F. Ear
89%
Oculus-i, M. Eye
89%
Puella-ae, F. Girl
89%
Deus-Dei, M. God
89%
Humanus-a-um Human
89%
Homo-Hominis, M. Human Being
89%
Ego-Mei I/Me
89%
Italia-Italiae, F. Italy
89%
Vir-i, M. Man
89%
Mater-ris, F. Mother
89%
Regina-ae, F. Queen/Female Ruler
89%
Romanus-a-um Roman
89%
Is-Ea-Id This/That, He/She/It
89%
Quid What
89%
Femina-ae, F. Woman
89%
Tu-Tui You
89%
Asia-ae, F. Asia
78%
Scriptor-is, M. Author/Writer
78%
Corpus-Corporis, N. Body
78%
Liber-Libri, M. Book
78%
Puer-i, M. Boy
78%
Urbs-Urbis, F. City
78%
Filia-ae, F. Daughter
78%
Mors-Mortis, F. Death
78%
Pater-ris, M. Father
78%
Caput-Capitis, N. Head/Chapter/Capital
78%
Labor-ris, M. Labour/Work
78%
Otium-i, N. Leisure/Peace
78%
Me Me
78%
Memoria-Memoriae, F. Memory
78%
Natura-ae, F. Nature
78%
Nihil Nothing
78%
Pax-Pacis, F. Peace
78%
Mare-Maris, N. Sea
78%
Filius-i, M. Son
78%
Civitas-tis, F. State/City
78%
Bellum-i, N. War
78%
Aqua-Aquae, F. Water
78%
Annus-i, M. Year
78%
Terra-ae, F. Earth/Ground
67%
Forma-ae, F. Form/Shape
67%
Fortunatus-a-um Fortunate/Lucky
67%
Hora-ae, F. Hour
67%
Vita-ae, F. Life
67%
Magistra-ae, F. Master Teacher (Female)
67%
Magister-Magistri, M. Master/Teacher (Male)
67%
Meus-a-um My/Mine
67%
Nomen-Nominis, N. Name
67%
Numerus-i, M. Number
67%
Pars-Partis, F. Part
67%
Philosophia-ae, F. Philosophy
67%
Via-ae, F. Road/Way
67%
Signum-i, N. Sign/Signal
67%
Verbum-i, N. Word
67%
Vester-Vestra-Vestrum Your (Pl.)
67%
Tuus-a-um Your (S.)
67%
Graecus-a, M. A Greek
56%
Ira-ae, F. Anger
56%
Ars-Artis, F. Art/Skill
56%
Caesar-is, M. Caesar
56%
Patria-ae, F. Country/Homeland
56%
Medica-ae, F. Doctor (Female)
56%
Medicus-i, M. Doctor (Male)
56%
Omnis-Omne Every/All
56%
Agricola-ae, M. Farmer
56%
Culpa-ae, F. Fault/Blame
56%
Ager-Agri, M. Field
56%
Fortuna-ae, F. Fortune
56%
Porta-ae, F. Gate
56%
Gloria-ae, F. Glory
56%
Bonus-a-um Good
56%
Magnus-a-um Great/Grand/Large
56%
Graecus-a-um Greek
56%
Libertas-tatis, F. Liberty/Freedom
56%
Longus-a-um Long
56%
Multus-a-um Many/Much
56%
Unus-a-um One/Single
56%
Noster-Nostra-Nostrum Our/Ours
56%
Tempestas-Tempestatis, F. Period of Time/Storm
56%
Rosa-ae, F. Rose
56%
Soror-is, F. Sister
56%
Caelum-i, N. Sky/Heaven
56%
Animus-i, M. Soul/Spirit/Mind
56%
Fortis-Forte Strong/Brave
56%
Tempus-Temporis, N. Time
56%
Veritas-tis, F. Truth
56%
Victoria-ae, F. Victory
56%
Antiquus-a-um Ancient/Old
44%
Civis-Civis, M./F. Citizen
44%
Difficilis-Difficile Difficult/Hard
44%
Fama-ae, F. Fame
44%
Vitium-i, N. Fault/Crime
44%
Timor-is, M. Fear
44%
Amicus-a-um Friendly
44%
Amicitia-ae, F. Friendship
44%
Donum-i, N. Gift
44%
Littera-ae, F. Letter
44%
Virgo-Virginis F. Maiden/Virgin
44%
Mens-Mentis, F. Mind/Thought
44%
Alius-a-ud Other/Another
44%
Laus-Laudis, F. Praise
44%
Secundus-a-um Second/Secondary
44%
Tyrannus-i, M. Tyrant/Absolute Ruler
44%
Potens, Potentis Able/Powerful
33%
Bellus-a-um Beautiful
33%
Pulcher-Pulchra-Pulchrum Beautiful/Pretty
33%
Cicero-onis, M. Cicero
33%
Nubes-Nubis, F. Cloud
33%
Consul-is M. Consul
33%
Periculum-i, N. Danger/Risk
33%
Facilis-Facile Easy
33%
Malus-a-um Evil
33%
Vis-Vis, F. Force/Power/Violence
33%
Dea-ae, F. Goddess
33%
Pecunia-ae, F. Money
33%
Novus-a-um New
33%
Nemo-Nullius, M./F. No One
33%
Nullus-a-um Not Any/No One
33%
Senex-Senis Old/Aged
33%
Perpetuus-a-um Perpetual/Endless
33%
Plenus-a-um Plenty/Abundance
33%
Ius-Iuris, N. Right/Law
33%
Nauta-ae, M. Sailor
33%
Dulcis-Dulce Sweet/Pleasant/Agreeable
33%
Uxor-ris, F. Wife
33%
Miser-Misera-Miserum Wretched/Miserable
33%
Adulescentia-ae, F. Youth
33%
Copia-ae, F. Abundance/Supply
22%
Solus-a-um Alone/Only
22%
Factum-i, N. Deed/Act
22%
Os-Oris, N. Mouth/Face
22%
Patientia-ae, F. Patience/Suffering
22%
Locus-i, M. Place/Passage (Lit.)
22%
Ratio-onis, N. Reckoning/Reason
22%
Sanus-a-um Sane
22%
Brevis-Breve Short/Small
22%
Carmen-inis, N. Song
22%
Discipula-ae, F. Student (Female)
22%
Discipulus-i, M. Student (Male)
22%
Alter-a-um The Other (Of Two)
22%
Hic-Haec-Hoc This/These
22%
Virtus-tis, F. Virtue/Courage
22%
Totus-a-um Whole/Entire
22%
Sapientia-ae, F. Wisdom
22%
Principium-i, N. Beginning/Start
11%
Cura-ae, F. Care
11%
Consilium-i, N. Counsel/Plan
11%
Cupiditas-tis, F. Desire/Passion
11%
Morbus-i, M. Disease
11%
Turba-Turbae, F. Disturbance/Crowd
11%
Satis Enough
11%
Pauci-ae-a Few (usually plural)
11%
Avarus-a-um Greedy
11%
Mos-Moris, M. Habit/Custom
11%
Acerbus-a-um Harsh/Bitter
11%
Sui-Sibi Himself/Herself/Itself
11%
Ingens, Ingentis Huge
11%
Doctus-a-um Learned/Taught
11%
Auditor-Auditoris, M. Listener/Audience
11%
Clementia-Clementiae, F. Mildness/Mercy
11%
Ipse-Ipsa-Ipsum Myself/Yourself/Itself
11%
Senectus-tis, F. Old Age
11%
Aetas-Aetatis, F. Period of Life/Age
11%
Sententia-ae, F. Sentiment/Feeling
11%
Parvus-a-um Small/Little
11%
Celer-Celeris-Celere Swift/Quick
11%
Iste-Ista-Istud That (Of Yours/Negative)
11%
Ille-Illa-Illud That/Those
11%
Idem-Eadem-Idem The Same
11%
Adulescens--tis, M./F. Young Person
11%
Ullus-a-um Any
0%
Carus-a-um Dear
0%
Mora-ae, F. Delay
0%
Exitium-i, N. Destruction
0%
Officium-i, N. Duty/Service
0%
Quisque Each One/ Each Person
0%
Studium-i, N. Eagerness/Zeal
0%
Uter-Utra-Utrum Either
0%
Stultus-a-um Foolish
0%
Beatus-a-um Happy
0%
Acer-Acris-Acre Harsh/Keen/Eager
0%
Suus-a-um His/Her/Its Own
0%
Basium-i, N. Kiss
0%
Neuter-Neutra-Neutrum Neither
0%
Iucundus-a-um Pleasant
0%
Voluptas-tatis, F. Pleasure
0%
Insidiae-arum, F. Plot (plural only)
0%
Divitiae-arum, F. Riches/Wealth
0%
Salvus-a-um Safe
0%
Satura-Saturae, F. Satire
0%
Verus-a-um True
0%
No matching quizzes found
Score Distribution
Percent of People with Each Score
Percentile by Number Answered
Your Score History
You have not taken this quiz since the last reset